Modern Family Characters by Picture - Statistics

General Stats
  • This quiz has been taken 140 times
  • The average score is 15 of 16
Answer Stats
Picture Answer % Correct
Gloria Pritchett
100%
Phil Dunphy
99%
Claire Dunphy
98%
Manny Delgado
98%
Alex Dunphy
97%
Jay Pritchett
97%
Luke Dunphy
97%
Cameron Tucker
96%
Mitchell Pritchett
96%
Haley Dunphy-Marshall
95%
Joe Pritchett
95%
Lily Tucker-Pritchett
95%
Stella
93%
Dylan Marshall
91%
DeDe Pritchett
85%
Larry
68%
No matching quizzes found
Score Distribution
Percent of People with Each Score
Percentile by Number Answered
Your Score History
You have not taken this quiz